Statistics for Pokémon Moves- Fighting Type

Click here to take the quiz!

General Stats

  • This quiz has been taken 57 times
  • The average score is 35 of 56

Answer Stats

HintAnswer% Correct
IVClose Combat
92%
IKarate Chop
92%
ISeismic Toss
92%
IVAura Sphere
88%
ILow Kick
88%
ISubmission
88%
IIIBulk Up
83%
IVFocus Blast
83%
IHigh Jump Kick
83%
IIMach Punch
83%
IVDrain Punch
79%
IIIFocus Punch
79%
IJump Kick
79%
VIPower-Up Punch
79%
IIRock Smash
79%
IRolling Kick
79%
IITriple Kick
79%
VIIAll-Out Pummeling
75%
IIIArm Thrust
75%
ICounter
75%
IICross Chop
75%
IDouble Kick
75%
IVWake-Up Slap
75%
IIIBrick Break
71%
VCircle Throw
71%
IVForce Palm
71%
VLow Sweep
71%
IIISky Uppercut
71%
IIVital Throw
71%
IIIRevenge
67%
IIDetect
63%
IIReversal
63%
IIISuperpower
63%
IIDynamic Punch
58%
VIFlying Press
58%
VIMat Block
58%
VIIIMax Knuckle
58%
VSacred Sword
58%
IVVacuum Wave
58%
IVHammer Arm
54%
VIIIOctolock
50%
VQuick Guard
50%
VSecret Sword
50%
VIIIMeteor Assault
46%
VStorm Throw
46%
VIIITriple Arrows
42%
VIIIVictory Dance
42%
VIIICoaching
38%
VIIINo Retreat
38%
VFinal Gambit
33%
VIIIG-Max Chi Strike
33%
VIIIBody Press
25%
IXCollision Course
25%
VIIIThunderous Kick
25%
IXAxe Kick
21%
IXCombat Torque
17%

Score Distribution

Percentile by Number Answered

Percent of People with Each Score

Your Score History

You have not taken this quiz